000 01259nam a2200217Ia 4500
003 Ost
005 20260507075644.0
008 260507s9999||||xx |||||||||||||| ||und||
040 _cfsecg
041 _aara
082 _a342.06
100 _aحسين، محمد فتح الله
_eمؤلف
245 0 _aالوجيز في صيغ الدعاوى والطعون الإدارية وإجراءاتها العملية /
_c محمد فتح الله حسين
260 _aالإسكندرية:
_bالمركز القومي للإصدارات القانونية,
_c2003
300 _a290 صفحة؛
_bإيضاحات ؛
_c24 سم
504 _aالمراجع ص.291
520 _aالدعاوي المتعلقة بالقررات الجامعية والتعليم العالي والتربية والتعليم، نماذج الدعاوى المتعلقة بالشؤون البلدية وقرارات ونزع الملكية للمنفعة العامة والتراخيص، الدعاوي وطعون أمام محكمة الإدارة العليا، اجراءات وصبغ الطعون امام المحكمة الإدارية ومحكمة القضاء الإداري
653 _aالدعاوى
653 _aالقانون الإداري
942 _cكتاب
999 _c45462
_d45462